The Impact of Digitalization on Economic Growth in Balkan Countries "Theoretical Review"
Na minha lista:
| Autor principal: | |
|---|---|
| Formato: | Capítulo de Livro |
| Idioma: | inglês |
| Tags: |
Sem tags, seja o primeiro a adicionar uma tag!
|
MARC
| LEADER | 00000naa$a2200000$$$4500 | ||
|---|---|---|---|
| 001 | 0300400 | ||
| 005 | 20240521102608.8 | ||
| 041 | 0 | |a eng | |
| 044 | |a SK | ||
| 245 | 1 | 0 | |a The Impact of Digitalization on Economic Growth in Balkan Countries "Theoretical Review" |c Hussein Mkiyes |
| 100 | 1 | |a Mkiyes, Hussein, 1996- | |